00640nam a2200205Ia 450000500170000000800410001702000140005804000190007204100120009108200140010324500990011726000280021630000180024450400500026263000380031265000300035065100180038070000260039885000100042420231128114250.0131103s9999 xx 000 0 und d a415156386 aLoreto College aEnglish a396 bCRA aWomen's Worlds in Seventeenth-Century Englandc Edited by Patricia Crawford and Laura Gowing aLondonbRoutledgec2000 axviii,314 p.  aIncludes bibliographical references and index aWomen - England - History Sources aWomen - Social Conditions aWomen Studies aCrawford,Patricia,ed. aLCLIB